000 00374pab a2200145 454500
008 180718b1984 xxu||||| |||| 00| 0 eng d
100 _aLavakare, P.J.
245 _aScience and technology for increased international cooperation
260 _c1984
300 _a7-10
362 _a15 Dec.
650 _aTechnology
773 _aIndian and Foreign Review
909 _a19125
999 _c19125
_d19125